000 00553nam a2200229Ia 4500
003 OSt
005 20221006153016.0
006 a|||||r|||| 00| 0
007 ta
008 221006b |||||||| |||| 00| 0 eng d
020 _c
_4.50
024 _a30,939
037 _cTextual
040 _aEASL
_cEASL
_beng
041 _2eng
_aeng
100 _aSTAVIS B
_9662197
245 0 _aMaking green revolution
260 _an
_bCornell University Press
_c1974
300 _a287p.
_ccm.
942 _cTEXL
_2CC
999 _c1099025
_d1099025